000 00546nam a2200217Ia 4500
003 OSt
005 20221007075338.0
006 a|||||r|||| 00| 0
007 ta
008 221006b |||||||| |||| 00| 0 eng d
024 _a17,330
037 _cTextual
040 _aFLL
_cFLL
_beng
041 _2eng
_aeng
082 _aXM55:Z2, M2
245 0 _aIndian company law
260 _aNew Delhi
_bIndian investment centre India
_c1982
300 _a141p
_ccm.
942 _hXM55:Z2, M2
_cTEXL
_2CC
999 _c1155723
_d1155723